[Event "23rd ETCC Women 2021"]
[Site "Catez"]
[Date "2021.11.15"]
[Round "4.45"]
[White "Roebers, Eline"]
[Black "Dolzhikova, Olga"]
[Result "1-0"]
[WhiteElo "2304"]
[BlackElo "2187"]
[Annotator "NA"]
[PlyCount "55"]
[EventDate "2021.11.08"]
[EventType "team-tourn"]
[EventCountry "SLO"]
[SourceTitle "playchess.com"]
[Source "ChessBase"]
[SourceQuality "1"]
[WhiteTeam "Netherlands"]
[BlackTeam "Norway"]
[WhiteTeamCountry "NED"]
[BlackTeamCountry "NOR"]
[TimeControl "40/5400+30:1800+30"]

1. e4 {[%emt 0:00:04]} g6 {[%emt 0:00:07]} 2. d4 {[%emt 0:00:23]} Bg7 {[%emt 0:
00:03]} 3. Nc3 {[%emt 0:00:28]} c6 {[%emt 0:00:15]} 4. Nf3 {[%emt 0:00:21]} d5
{[%emt 0:00:10]} 5. h3 {[%emt 0:00:21]} dxe4 {[%emt 0:00:09]} 6. Nxe4 {[%emt 0:
00:06]} Nd7 {[%emt 0:00:07]} 7. Bc4 {[%emt 0:00:47]} Nb6 {[%emt 0:00:42]} 8.
Bb3 {[%emt 0:00:34]} Nh6 {[%emt 0:02:39]} 9. O-O {[%emt 0:01:38]} Nf5 {[%emt 0:
00:43]} 10. c3 {[%emt 0:00:34]} Nd5 {[%emt 0:01:08]} 11. Re1 {[%emt 0:02:18]}
O-O {[%emt 0:00:12]} 12. Qe2 {[%emt 0:02:23]} Re8 {[%emt 0:36:05]} 13. Bg5 {
[%emt 0:02:12]} h6 {[%emt 0:18:15]} 14. Bd2 {[%emt 0:02:41]} a5 {[%emt 0:02:29]
} 15. Rad1 {[%emt 0:06:15]} Qc7 {[%emt 0:04:58]} 16. Bc1 {[%emt 0:01:38]} b6 {
[%emt 0:06:38]} 17. a3 {[%emt 0:09:36]} Bb7 {[%emt 0:01:17]} 18. g4 {[%emt 0:
13:00]} Nd6 {[%emt 0:00:34]} 19. Nxd6 {[%emt 0:00:42]} Qxd6 {[%emt 0:02:36]}
20. Ne5 {[%emt 0:00:10]} e6 {[%emt 0:07:17]} 21. c4 {[%emt 0:06:17]} Nf6 {
[%emt 0:03:50]} 22. Qf3 {[%emt 0:03:19]} Qc7 {[%emt 0:06:25]} 23. Bf4 {[%emt 0:
04:31]} g5 {[%emt 0:00:32]} 24. Bh2 {[%emt 0:00:43]} Qe7 {[%emt 0:00:09]} 25.
Nxc6 {[%emt 0:00:36]} Qf8 {[%emt 0:04:02]} 26. d5 {[%emt 0:01:35]} Bxc6 {
[%emt 0:01:03]} 27. dxc6 {[%emt 0:00:06]} Rac8 {[%emt 0:00:27]} 28. Bd6 {
[%emt 0:00:21]} 1-0

[Event "23rd ETCC Women 2021"]
[Site "Catez"]
[Date "2021.11.15"]
[Round "4.46"]
[White "Machlik, Monika"]
[Black "Ratsma, Rosa"]
[Result "1/2-1/2"]
[WhiteElo "2096"]
[BlackElo "2272"]
[Annotator "TA"]
[PlyCount "225"]
[EventDate "2021.11.08"]
[EventType "team-tourn"]
[EventCountry "SLO"]
[SourceTitle "playchess.com"]
[Source "ChessBase"]
[SourceQuality "1"]
[WhiteTeam "Norway"]
[BlackTeam "Netherlands"]
[WhiteTeamCountry "NOR"]
[BlackTeamCountry "NED"]

{[%evp 11,224,4,40,31,30,16,20,21,40,14,30,-25,-25,-41,-41,-25,-22,-31,-18,-18,
0,-47,-46,-47,-46,-50,-34,-44,-30,-37,-23,-42,-35,-26,-23,-101,-95,-95,-57,-92,
0,-37,-50,-40,-47,-65,-70,-66,-62,-62,-65,-65,-60,-67,-58,-52,-52,-63,-58,-75,
-65,-65,-65,-84,-84,-95,0,-98,-66,-75,-64,-50,-38,-41,-25,-35,-25,-38,-33,-28,
-22,-31,-32,-17,-17,-13,-8,-14,-14,-15,-17,-25,-18,-23,-18,-60,-8,-66,-68,-76,
-70,-115,-19,-34,-20,-166,-109,-304,-98,-115,-42,-54,-14,-16,-3,-42,-42,-88,
-64,-73,0,0,0,0,0,-20,0,-4,0,-8,-8,-8,0,0,0,-11,-8,-16,-4,0,0,-16,0,-4,0,0,0,
-37,-16,-23,-22,-26,-16,-81,-81,-83,-13,-54,-48,-43,0,0,0,0,0,0,0,0,0,0,0,-145,
-137,-200,-210,-5509,0,0,0,-8,0,-29962,-29962,-12786,-10041,-29976,-8,-8,-8,-8,
-8,-8,-8,-8,0,0,0,0,0,0,0,0,0,0,0,0,0,0,0,0,0,0,0,0,0]} 1. d4 Nf6 2. c4 e6 3.
Nc3 Bb4 4. Qc2 O-O 5. a3 Bxc3+ 6. Qxc3 Qe8 7. f3 {E32: Nimzo-Indian: Classical
(4 Qc2): 4...0-0.} d5 8. Bg5 Nbd7 9. e3 h6 10. Bh4 b6 {[#]} 11. Bd3 $146 (11.
Qd2 $142) ({Predecessor:} 11. cxd5 exd5 12. Bb5 Qe6 13. Bc6 Ba6 14. Bxa8 Rxa8
15. Ne2 Re8 16. Rd1 Ng4 17. Bf2 {1/2-1/2 (31) Kozhuharov,S (2450)-Pantev,V 
(2419) Sunny Beach 2015}) 11... Ba6 $11 12. cxd5 Nxd5 13. Qd2 Bxd3 14. Qxd3 c5
15. Ne2 cxd4 16. exd4 N7f6 {[%cal Bd7f6,Bf6h5,Bh5f4][%mdl 32]} 17. O-O Qd7 18.
Rac1 Rfe8 19. Rfd1 Rad8 20. Qb3 g5 21. Bf2 Nh5 22. Qc2 Nhf4 23. Ng3 (23. Nxf4
$11 {keeps the balance.} gxf4 24. Qc6) 23... Rc8 $17 24. Qd2 Qa4 25. Ne4 Rcd8 (
25... Qa6 $17 26. Kh1 Rxc1 27. Rxc1 Qd3) 26. Be3 Ng6 27. Bf2 Kg7 28. Qc2 Qd7
29. Qc6 Ngf4 {And now ...Ne2+ would win.} 30. Qxd7 Rxd7 31. Kf1 Red8 32. g3 Ng6
33. Ke2 Nge7 34. Rd2 Nf5 35. Bg1 Kg6 36. Bf2 h5 37. Bg1 Nde7 38. Bf2 Nd5 39.
Bg1 $1 Nfe7 40. Bf2 f5 41. Nc3 g4 42. Rdc2 Nxc3+ 43. Rxc3 Nd5 44. Rc6 Kf7 45.
R6c2 Rb7 46. h3 gxh3 47. Rh1 Rdd7 48. Rxh3 Rbc7 49. Rxc7 Rxc7 $11 {[%mdl 4096]
Endgame KRB-KRN} 50. Kd2 Kg6 51. Rh1 b5 52. Re1 Rc6 53. Re2 a6 (53... Kf6 $15)
54. Bg1 (54. Be1 $11) 54... a5 $15 55. Bf2 Kf6 56. Kd1 Ke7 (56... a4 $17 57.
Be1 Rc4) 57. Be1 a4 58. Bf2 (58. Bd2 $11 {and White is okay.}) 58... Kd6 (58...
b4 $1 $19 {[%cal Rb4a3]} 59. Rc2 Rb6) 59. Bg1 $2 (59. Kd2 $17 {was necessary.})
59... Rc8 $2 (59... b4 $1 $19 {[%cal Rb4a3] is more deadly. White must now
prevent ...bxa3.} 60. Kd2 bxa3 61. bxa3 Rb6) 60. Rh2 $17 Nf6 (60... b4 $17 {
...bxa3 is the strong threat.} 61. axb4 Rb8 62. Rxh5 Rxb4) 61. Be3 $15 Kd5 62.
Bg5 Rf8 63. Rh4 Kc4 64. Kc2 Nd5 65. Rxh5 Kxd4 ({Better is} 65... Rg8 $17) 66.
Rh4+ $11 Kc5 67. Bd2 Rg8 68. Rh3 Kd6 69. Be1 Nb6 70. Bc3 Nc4 71. Kd3 Kd5 72.
Ke2 Nd6 73. Kd3 e5 74. Be1 Nc4 75. Bc3 $1 Nd6 76. Be1 Nc4 77. Bc3 $1 Rg6 78.
Ke2 $1 Nd6 79. Kd3 e4+ 80. fxe4+ Nxe4 81. Be1 $1 Nc5+ 82. Kc3 (82. Kd2 $11)
82... Re6 $17 83. Kd2 Ne4+ (83... Kc4 $17 84. Rh5 Re5 85. Rh4+ Kb3 86. Rb4+ Ka2
) 84. Kd1 Kc4 85. Kc2 Ng5 86. Rh4+ Re4 87. Bd2 Nf3 88. Rxe4+ fxe4 $11 {KB-KN}
89. Be3 Ne5 90. Bf4 Ng4 {Hoping for ...e3.} 91. Bg5 (91. Bc7 $11) 91... e3 $17
92. Bf4 (92. Bd8 $17 {is the only way for White.}) 92... Kd4 $1 $19 93. b3 $2 (
93. Bc7) 93... Nf6 $2 (93... e2 $1 $19 {[%cal Re2e1]} 94. Bd2 Ne3+ 95. Kb2 Kd3)
94. bxa4 $11 bxa4 95. Bc7 Nd5 96. Bb8 $2 {[%mdl 8192]} (96. Ba5 $11) 96... Ke4
97. Ba7 Kf3 98. g4 {[#]} Kxg4 $2 (98... e2 $1 {mates} 99. Kd2 Nf4 100. Bb8 {[#]
} Kf2 $1 101. Ba7+ Kf1 102. Ke3 Ng6 103. Kd3 e1=Q 104. Be3 Qe2+ 105. Kd4 Qxg4+
106. Kc5 Qf5+ 107. Kc4 Qe4+ {[%mdl 64] Double Attack} 108. Bd4 Ne5+ 109. Kc5
Qc6+ 110. Kb4 Qc4+ {[%mdl 64] Double Attack} 111. Ka5 Qxd4 112. Kb5 Qc4+ 113.
Kb6 Qc6+ 114. Ka7 Nc4 115. Kb8 Na5 116. Ka7 Qb7#) 99. Kd3 {The position is
equal.} Kf3 100. Bxe3 $1 Nxe3 {KN-KP} 101. Kc3 Nd5+ 102. Kd4 Ke2 {( -> ...Nb6)}
103. Kxd5 {KP-KP} Kd3 104. Ke5 Ke3 (104... Kc3 {keeps more tension.} 105. Ke4
Kc4 106. Ke3 Kc3 107. Ke4) 105. Kd5 Kd3 106. Ke5 Kc3 (106... Kc2 {looks
sharper.} 107. Kd4 Kb3 108. Kd3 Kxa3 109. Kc3 Ka2) 107. Ke4 Kb2 108. Kd3 Kxa3
109. Kc2 Ka2 110. Kc1 a3 (110... Ka1 $5) 111. Kc2 Ka1 112. Kc1 a2 (112... Ka2
$5) 113. Kc2 {Weighted Error Value: White=0.22/Black=0.21} 1/2-1/2

[Event "23rd ETCC Women 2021"]
[Site "Catez"]
[Date "2021.11.15"]
[Round "4.47"]
[White "Van Foreest, Machteld"]
[Black "Machlik, Edit"]
[Result "1-0"]
[WhiteElo "2141"]
[BlackElo "2087"]
[Annotator "NA"]
[PlyCount "83"]
[EventDate "2021.11.08"]
[EventType "team-tourn"]
[EventCountry "SLO"]
[SourceTitle "playchess.com"]
[Source "ChessBase"]
[SourceQuality "1"]
[WhiteTeam "Netherlands"]
[BlackTeam "Norway"]
[WhiteTeamCountry "NED"]
[BlackTeamCountry "NOR"]
[TimeControl "40/5400+30:1800+30"]

1. e4 {[%emt 0:00:05]} c5 {[%emt 0:00:06]} 2. Nf3 {[%emt 0:00:40]} Nc6 {
[%emt 0:00:17]} 3. Nc3 {[%emt 0:07:50]} a6 {[%emt 0:09:24]} 4. d4 {[%emt 0:06:
24]} cxd4 {[%emt 0:01:18]} 5. Nxd4 {[%emt 0:00:02]} e5 {[%emt 0:10:17]} 6. Nf5
{[%emt 0:03:56]} d6 {[%emt 0:05:19]} 7. Ne3 {[%emt 0:07:27]} Nf6 {[%emt 0:08:
52]} 8. Ned5 {[%emt 0:01:27]} Be7 {[%emt 0:08:10]} 9. Be3 {[%emt 0:12:04]} O-O
{[%emt 0:02:59]} 10. Bb6 {[%emt 0:01:25]} Qd7 {[%emt 0:01:09]} 11. Qd2 {
[%emt 0:07:15]} Nxd5 {[%emt 0:10:09]} 12. Nxd5 {[%emt 0:01:51]} Qg4 {[%emt 0:
07:00]} 13. f3 {[%emt 0:05:16]} Bh4+ {[%emt 0:03:07]} 14. g3 {[%emt 0:05:56]}
Qxf3 {[%emt 0:01:14]} 15. Bg2 {[%emt 0:02:29]} Bxg3+ {[%emt 0:00:22]} 16. hxg3
{[%emt 0:00:04]} Qxg3+ {[%emt 0:04:29]} 17. Qf2 {[%emt 0:06:34]} Qxf2+ {
[%emt 0:00:27]} 18. Kxf2 {[%emt 0:01:54]} f5 {[%emt 0:03:49]} 19. Raf1 {
[%emt 0:04:48]} Be6 {[%emt 0:07:40]} 20. Nc7 {[%emt 0:03:40]} Bc4 {[%emt 0:00:
17]} 21. Nxa8 {[%emt 0:03:11]} fxe4+ {[%emt 0:01:51]} 22. Ke3 {[%emt 0:00:12]}
Bxf1 {[%emt 0:00:36]} 23. Bxf1 {[%emt 0:00:19]} Rxa8 {[%emt 0:00:38]} 24. Bc4+
{[%emt 0:00:04]} Kh8 {[%emt 0:00:19]} 25. Rf1 {[%emt 0:00:10]} Nb4 {[%emt 0:07:
18]} 26. c3 {[%emt 0:02:26]} Nd3 {[%emt 0:00:06]} 27. Kxe4 {[%emt 0:00:58]} Nf4
{[%emt 0:00:34]} 28. Be3 {[%emt 0:02:30]} g5 {[%emt 0:01:21]} 29. Bxf4 {
[%emt 0:01:30]} gxf4 {[%emt 0:00:16]} 30. Kd5 {[%emt 0:00:59]} Kg7 {[%emt 0:01:
40]} 31. Ke6 {[%emt 0:01:22]} Re8+ {[%emt 0:01:02]} 32. Kd7 {[%emt 0:00:04]}
Rf8 {[%emt 0:00:25]} 33. Ke7 {[%emt 0:00:08]} Rf6 {[%emt 0:02:08]} 34. Bd5 {
[%emt 0:02:20]} b6 {[%emt 0:00:26]} 35. Rh1 {[%emt 0:02:25]} h6 {[%emt 0:00:46]
} 36. Be4 {[%emt 0:00:21]} Rf7+ {[%emt 0:00:17]} 37. Kxd6 {[%emt 0:00:03]} Kf6
{[%emt 0:00:43]} 38. Rh5 {[%emt 0:00:49]} Kg7 {[%emt 0:01:17]} 39. Kxe5 {
[%emt 0:00:32]} f3 {[%emt 0:00:17]} 40. Rf5 {[%emt 0:00:56]} f2 {[%emt 0:00:38]
} 41. Rxf7+ {[%emt 0:31:25]} Kxf7 {[%emt 0:30:01]} 42. Bd3 {[%emt 0:00:09]} 1-0

[Event "23rd ETCC Women 2021"]
[Site "Catez"]
[Date "2021.11.15"]
[Round "4.48"]
[White "Rodsmoen, Maud"]
[Black "Lanchava, Tea"]
[Result "1-0"]
[WhiteElo "1953"]
[BlackElo "2215"]
[Annotator "NA"]
[PlyCount "65"]
[EventDate "2021.11.08"]
[EventType "team-tourn"]
[EventCountry "SLO"]
[SourceTitle "playchess.com"]
[Source "ChessBase"]
[SourceQuality "1"]
[WhiteTeam "Norway"]
[BlackTeam "Netherlands"]
[WhiteTeamCountry "NOR"]
[BlackTeamCountry "NED"]
[TimeControl "40/5400+30:1800+30"]

1. e4 {[%emt 0:00:03]} g6 {[%emt 0:00:16]} 2. d4 {[%emt 0:00:07]} Bg7 {[%emt 0:
00:26]} 3. Nc3 {[%emt 0:00:28]} d6 {[%emt 0:00:21]} 4. f4 {[%emt 0:00:49]} a6 {
[%emt 0:00:32]} 5. Nf3 {[%emt 0:01:58]} b5 {[%emt 0:00:49]} 6. Bd3 {[%emt 0:04:
09]} Nd7 {[%emt 0:00:37]} 7. O-O {[%emt 0:02:59]} c5 {[%emt 0:00:44]} 8. e5 {
[%emt 0:12:52]} cxd4 {[%emt 0:05:39]} 9. Be4 {[%emt 0:03:28]} dxc3 {[%emt 0:02:
09]} 10. Bxa8 {[%emt 0:00:57]} Qc7 {[%emt 0:01:12]} 11. Qd4 {[%emt 0:13:00]}
dxe5 {[%emt 0:12:12]} 12. fxe5 {[%emt 0:02:16]} Nxe5 {[%emt 0:00:52]} 13. Qxc3
{[%emt 0:15:30]} Qxc3 {[%emt 0:12:20]} 14. bxc3 {[%emt 0:00:21]} Nxf3+ {
[%emt 0:30:05]} 15. Rxf3 {[%emt 0:00:51]} f5 {[%emt 0:00:06]} 16. a4 {[%emt 0:
15:38]} b4 {[%emt 0:01:05]} 17. Bd2 {[%emt 0:06:34]} bxc3 {[%emt 0:08:47]} 18.
Bxc3 {[%emt 0:00:29]} Nf6 {[%emt 0:00:03]} 19. Bc6+ {[%emt 0:02:06]} Kf7 {
[%emt 0:00:17]} 20. Re1 {[%emt 0:01:02]} g5 {[%emt 0:02:22]} 21. Rfe3 {[%emt 0:
01:14]} e6 {[%emt 0:00:09]} 22. Rd3 {[%emt 0:00:48]} h5 {[%emt 0:02:34]} 23.
Be5 {[%emt 0:01:32]} Bf8 {[%emt 0:03:06]} 24. Bd6 {[%emt 0:03:13]} Bg7 {
[%emt 0:00:59]} 25. c4 {[%emt 0:01:25]} h4 {[%emt 0:02:33]} 26. c5 {[%emt 0:01:
24]} g4 {[%emt 0:05:51]} 27. Rb1 {[%emt 0:01:13]} a5 {[%emt 0:03:50]} 28. Bb7 {
[%emt 0:00:52]} Kg6 {[%emt 0:00:56]} 29. c6 {[%emt 0:01:04]} Ne4 {[%emt 0:00:
40]} 30. Bc7 {[%emt 0:02:50]} Bf8 {[%emt 0:01:16]} 31. Bb6 {[%emt 0:02:36]} Nc5
{[%emt 0:01:47]} 32. Rd8 {[%emt 0:01:28]} Bxb7 {[%emt 0:00:15]} 33. Rxf8 {
[%emt 0:00:58]} 1-0

[Event "23rd ETCC Women 2021"]
[Site "Catez"]
[Date "2021.11.15"]
[Round "4.49"]
[White "Cvitan, Ena"]
[Black "Georgescu, Lena"]
[Result "1/2-1/2"]
[WhiteElo "2234"]
[BlackElo "2262"]
[Annotator "NA"]
[PlyCount "62"]
[EventDate "2021.11.08"]
[EventType "team-tourn"]
[EventCountry "SLO"]
[SourceTitle "playchess.com"]
[Source "ChessBase"]
[SourceQuality "1"]
[WhiteTeam "Croatia"]
[BlackTeam "Switzerland"]
[WhiteTeamCountry "CRO"]
[BlackTeamCountry "SUI"]
[TimeControl "40/5400+30:1800+30"]

1. d4 {[%emt 0:00:13]} Nf6 {[%emt 0:00:03]} 2. c4 {[%emt 0:00:10]} e6 {[%emt 0:
00:03]} 3. Nf3 {[%emt 0:00:09]} d5 {[%emt 0:00:04]} 4. Nc3 {[%emt 0:00:48]} Bb4
{[%emt 0:00:04]} 5. Bg5 {[%emt 0:06:03]} dxc4 {[%emt 0:00:29]} 6. e4 {[%emt 0:
01:06]} h6 {[%emt 0:00:06]} 7. Bxf6 {[%emt 0:00:27]} Qxf6 {[%emt 0:00:05]} 8.
Bxc4 {[%emt 0:00:09]} c5 {[%emt 0:00:09]} 9. O-O {[%emt 0:03:19]} cxd4 {
[%emt 0:01:28]} 10. Nb5 {[%emt 0:18:21]} Qe7 {[%emt 0:00:41]} 11. Nbxd4 {
[%emt 0:09:02]} O-O {[%emt 0:10:36]} 12. Qe2 {[%emt 0:01:03]} a6 {[%emt 0:02:
49]} 13. e5 {[%emt 0:04:27]} b5 {[%emt 0:07:28]} 14. Bd3 {[%emt 0:00:12]} Bb7 {
[%emt 0:00:08]} 15. Be4 {[%emt 0:04:39]} Ra7 {[%emt 0:05:51]} 16. Rac1 {
[%emt 0:02:46]} Bc5 {[%emt 0:09:09]} 17. Bxb7 {[%emt 0:13:07]} Rxb7 {[%emt 0:
00:48]} 18. Qe4 {[%emt 0:00:21]} Rc7 {[%emt 0:03:37]} 19. Rc2 {[%emt 0:04:50]}
Rfc8 {[%emt 0:14:29]} 20. Rfc1 {[%emt 0:01:07]} Bxd4 {[%emt 0:02:04]} 21. Nxd4
{[%emt 0:00:16]} Rxc2 {[%emt 0:00:46]} 22. Rxc2 {[%emt 0:00:06]} Rxc2 {[%emt 0:
01:31]} 23. Qxc2 {[%emt 0:00:41]} Qd7 {[%emt 0:00:35]} 24. Nf3 {[%emt 0:09:46]}
Nc6 {[%emt 0:00:40]} 25. h3 {[%emt 0:00:17]} Qd5 {[%emt 0:02:36]} 26. b3 {
[%emt 0:01:03]} Kf8 {[%emt 0:13:15]} 27. Qe2 {[%emt 0:00:53]} Ke7 {[%emt 0:03:
10]} 28. Qe3 {[%emt 0:00:08]} Qd1+ {[%emt 0:04:54]} 29. Kh2 {[%emt 0:00:43]}
Qd5 {[%emt 0:00:17]} 30. Kg1 {[%emt 0:00:23]} Qd1+ {[%emt 0:00:53]} 31. Kh2 {
[%emt 0:00:06]} Qd5 {[%emt 0:00:11]} 1/2-1/2

[Event "23rd ETCC Women 2021"]
[Site "Catez"]
[Date "2021.11.15"]
[Round "4.50"]
[White "Hakimifard, Ghazal"]
[Black "Medic, Mirjana"]
[Result "1-0"]
[WhiteElo "2267"]
[BlackElo "2196"]
[Annotator "NA"]
[PlyCount "55"]
[EventDate "2021.11.08"]
[EventType "team-tourn"]
[EventCountry "SLO"]
[SourceTitle "playchess.com"]
[Source "ChessBase"]
[SourceQuality "1"]
[WhiteTeam "Switzerland"]
[BlackTeam "Croatia"]
[WhiteTeamCountry "SUI"]
[BlackTeamCountry "CRO"]
[TimeControl "40/5400+30:1800+30"]

1. e4 {[%emt 0:00:03]} e6 {[%emt 0:00:05]} 2. d4 {[%emt 0:00:05]} d5 {[%emt 0:
00:07]} 3. Nd2 {[%emt 0:00:05]} c5 {[%emt 0:00:32]} 4. exd5 {[%emt 0:00:07]}
exd5 {[%emt 0:00:01]} 5. Ngf3 {[%emt 0:00:08]} Nf6 {[%emt 0:00:13]} 6. Bb5+ {
[%emt 0:00:19]} Bd7 {[%emt 0:00:08]} 7. Bxd7+ {[%emt 0:00:13]} Nbxd7 {[%emt 0:
00:10]} 8. O-O {[%emt 0:00:48]} Be7 {[%emt 0:02:10]} 9. dxc5 {[%emt 0:03:36]}
Nxc5 {[%emt 0:00:09]} 10. Nb3 {[%emt 0:00:05]} Nce4 {[%emt 0:00:21]} 11. Nfd4 {
[%emt 0:00:13]} Qd7 {[%emt 0:02:35]} 12. f3 {[%emt 0:00:09]} Nd6 {[%emt 0:00:
43]} 13. Nc5 {[%emt 0:00:43]} Qc8 {[%emt 0:03:37]} 14. Nd3 {[%emt 0:00:05]} O-O
{[%emt 0:00:39]} 15. Re1 {[%emt 0:03:34]} Re8 {[%emt 0:00:17]} 16. Be3 {
[%emt 0:02:09]} Nc4 {[%emt 0:04:48]} 17. Bf2 {[%emt 0:01:24]} Qd7 {[%emt 0:11:
37]} 18. b3 {[%emt 0:04:24]} Nb6 {[%emt 0:08:00]} 19. Qd2 {[%emt 0:03:13]} Bd6
{[%emt 0:17:53]} 20. a4 {[%emt 0:08:03]} Rxe1+ {[%emt 0:08:57]} 21. Rxe1 {
[%emt 0:02:37]} Re8 {[%emt 0:02:33]} 22. Rxe8+ {[%emt 0:13:37]} Qxe8 {[%emt 0:
00:09]} 23. Nb5 {[%emt 0:07:51]} Qb8 {[%emt 0:02:41]} 24. g3 {[%emt 0:04:40]}
Nc8 {[%emt 0:04:24]} 25. Bd4 {[%emt 0:03:00]} Ne8 {[%emt 0:05:38]} 26. Qe3 {
[%emt 0:02:12]} Kf8 {[%emt 0:01:04]} 27. Nc5 {[%emt 0:03:29]} Nb6 {[%emt 0:09:
02]} 28. a5 {[%emt 0:00:51]} 1-0

[Event "23rd ETCC Women 2021"]
[Site "Catez"]
[Date "2021.11.15"]
[Round "4.51"]
[White "Berke, Ana"]
[Black "Stoeri, Laura"]
[Result "0-1"]
[WhiteElo "2135"]
[BlackElo "2130"]
[Annotator "ChessBase"]
[PlyCount "114"]
[EventDate "2021.11.08"]
[EventType "team-tourn"]
[EventCountry "SLO"]
[SourceTitle "playchess.com"]
[Source "ChessBase"]
[SourceQuality "1"]
[WhiteTeam "Croatia"]
[BlackTeam "Switzerland"]
[WhiteTeamCountry "CRO"]
[BlackTeamCountry "SUI"]
[TimeControl "40/5400+30:1800+30"]

1. e4 {[%emt 0:00:04]} c5 {[%emt 0:00:04]} 2. Nf3 {[%emt 0:00:55]} Nc6 {
[%emt 0:00:03]} 3. d4 {[%emt 0:03:22]} cxd4 {[%emt 0:00:06]} 4. Nxd4 {[%emt 0:
00:04]} Nf6 {[%emt 0:01:07]} 5. Nc3 {[%emt 0:01:47]} e5 {[%emt 0:00:19]} 6. Nf3
{[%emt 0:01:28]} Bb4 {[%emt 0:10:51]} 7. Bc4 {[%emt 0:11:03]} Qa5 {[%emt 0:07:
53]} 8. Bd2 {[%emt 0:05:53]} Qc5 {[%emt 0:05:56]} 9. Bd5 {[%emt 0:03:40]} O-O {
[%emt 0:04:33]} 10. O-O {[%emt 0:01:23]} Bxc3 {[%emt 0:13:00]} 11. Bxc3 {
[%emt 0:00:41]} d6 {[%emt 0:00:04]} 12. Qd3 {[%emt 0:08:27]} Ne7 {[%emt 0:20:
05]} 13. Bb3 {[%emt 0:08:11]} Ng6 {[%emt 0:00:11]} 14. Bd2 {[%emt 0:06:02]} Bd7
{[%emt 0:05:54]} 15. Bg5 {[%emt 0:09:20]} Ne8 {[%emt 0:05:45]} 16. h4 {[%emt 0:
05:33]} h6 {[%emt 0:03:29]} 17. Be3 {[%emt 0:04:22]} Qc7 {[%emt 0:00:08]} 18.
h5 {[%emt 0:02:22]} Ne7 {[%emt 0:00:05]} 19. Nh4 {[%emt 0:02:03]} Be6 {[%emt 0:
08:12]} 20. f4 {[%emt 0:01:42]} exf4 {[%emt 0:05:40]} 21. Rxf4 {[%emt 0:00:49]}
Bxb3 {[%emt 0:00:14]} 22. Qxb3 {[%emt 0:02:35]} d5 {[%emt 0:06:16]} 23. Raf1 {
[%emt 0:02:11]} Rd8 {[%emt 0:00:25]} 24. Ng6 {[%emt 0:01:55]} Nxg6 {[%emt 0:00:
55]} 25. hxg6 {[%emt 0:00:10]} Nf6 {[%emt 0:00:47]} 26. e5 {[%emt 0:01:11]}
Qxe5 {[%emt 0:00:37]} 27. Bd4 {[%emt 0:01:36]} Qg5 {[%emt 0:00:34]} 28. Qxb7 {
[%emt 0:07:01]} fxg6 {[%emt 0:00:14]} 29. Qc6 {[%emt 0:03:01]} Rde8 {[%emt 0:
00:36]} 30. Qc3 {[%emt 0:02:25]} Re2 {[%emt 0:00:22]} 31. Qf3 {[%emt 0:00:25]}
Rxc2 {[%emt 0:00:15]} 32. a4 {[%emt 0:02:36]} h5 {[%emt 0:00:05]} 33. a5 {
[%emt 0:00:28]} a6 {[%emt 0:00:18]} 34. Bc3 {[%emt 0:00:34]} Kh7 {[%emt 0:00:
44]} 35. Qh3 {[%emt 0:00:48]} Kh6 {[%emt 0:00:37]} 36. Bd4 {[%emt 0:01:05]} Re8
{[%emt 0:01:18]} 37. Bxf6 {[%emt 0:00:58]} gxf6 {[%emt 0:00:01]} 38. Rxf6 {
[%emt 0:00:34]} Ree2 {[%emt 0:00:57]} 39. R6f2 {[%emt 0:00:18]} Rxf2 {[%emt 0:
00:31]} 40. Rxf2 {[%emt 0:00:02]} Rxf2 {[%emt 0:00:39]} 41. Kxf2 {[%emt 0:30:
04]} Qd2+ {[%emt 0:04:54]} 42. Kg1 {[%emt 0:00:00]} Qxb2 {[%emt 0:02:53]} 43.
Qe3+ {[%emt 0:00:00]} Kh7 {[%emt 0:00:04]} 44. Qa7+ {[%emt 0:00:00]} Kh6 {
[%emt 0:00:02]} 45. Qe3+ {[%emt 0:00:00]} Kh7 {[%emt 0:03:41]} 46. Qa7+ {
[%emt 0:00:00]} Qg7 {[%emt 0:04:51]} 47. Qxa6 {[%emt 0:00:00]} Qd4+ {[%emt 0:
00:02]} 48. Kh2 {[%emt 0:00:00]} Qh4+ {[%emt 0:00:45]} 49. Kg1 {[%emt 0:00:00]}
d4 {[%emt 0:00:35]} 50. Qa7+ {[%emt 0:00:00]} Kh6 {[%emt 0:00:15]} 51. a6 {
[%emt 0:00:00]} Qe1+ {[%emt 0:00:24]} 52. Kh2 {[%emt 0:00:00]} Qe5+ {[%emt 0:
00:47]} 53. Kg1 {[%emt 0:00:00]} d3 {[%emt 0:00:13]} 54. Qa8 {[%emt 0:01:53]}
d2 {[%emt 0:10:14]} 55. Qf8+ {[%emt 0:00:12]} Kh7 {[%emt 0:00:16]} 56. Qf7+ {
[%emt 0:01:01]} Qg7 {[%emt 0:00:07]} 57. Qd5 {[%emt 0:05:25]} Qa1+ {[%emt 0:00:
18]} 0-1